A university algebra

Αποθηκεύτηκε σε:
Λεπτομέρειες βιβλιογραφικής εγγραφής
Κύριος συγγραφέας: Littlewood, Dudley Ernest
Μορφή: Βιβλίο
Γλώσσα:English
Δημοσίευση: Melbourne ; London : Wlliam Heinemann, 1950
Θέματα:
Ετικέτες: Προσθήκη ετικέτας
Δεν υπάρχουν, Καταχωρήστε ετικέτα πρώτοι!

MARC

LEADER 00000cam a2200000 i 4500
001 1/96961
008 081110s1950 eng d
035 |l 10101537 
040 |a GR-MY-UA  |b gre  |e aacr 
041 0 |a eng 
082 0 |a 512  |2 (22) 
100 1 |a Littlewood, Dudley Ernest. 
245 1 2 |a A university algebra /  |c D. E. Littlewood 
260 |a Melbourne ; London :   |b Wlliam Heinemann,   |c 1950 
300 |a viii, 292 σ.;  |c 22 εκ. 
504 |a Περιέχει ευρετήριο 
650 0 0 |a Algebra. 
852 |a INST  |b SAMOS  |c MAG  |e 20081110  |h 512 LIT  |p 005300029677  |q 005300029677  |t BK  |y 0 
901 |a BIBL3-2008-3 
909 |a Σ  |b 155303 
970 |a ΡΟΥΣΣΟΥ  |b ΚΩΝΣΤΑΝΤΙΝΑ  |z 2008/11/10